Регионална библиотека "Любен Каравелов" - Русе

Цар Лъв (Запис номер 74245)

MARC детайли
000 -Лидер
Контролно поле с фиксирана дължина 01454nam a2200397 a 4500
003 - Код на организацията, давaща контролен номер
Контролно поле BLK
005 - Дата и час на последна редакция
Контролно поле 20250801181959.0
008 - Елементи от данни с фиксирана дължина
fixed length control field 180408b bul|||||r ||||||| ||bul||
010 ## - Наследен системен номер
LC control number KNG00078644000
020 ## - Международен стандартен номер на книга ISBN
Международен стандартен номер на книга ISBN 954-27-0021-0
040 ## - Източник на каталожния запис
Идентификатор на билиотеката - собственик на записа BLK
041 ## - Код за език
Код за езика на текст/звукозапис или на отделно заглавие Български
Код за езика КДБФ Български
080 ## - УДК
Текстов определител УДК Американска литература (на САЩ)
УДК код - определител по УДК 821.111(73)
УДК определител -93-91
УДК - код + определител 821.111(73)-93-91
139 ## - Редно поле
Редна дума Цар Лъв
Авторски знак Цар - Ц 20
245 10 - Сведения за заглавието
Заглавие Цар Лъв
Редно поле (дума) прев. Харалампи Харалампиев Аничкин.
250 ## - Област на изданието
Сведения за изданието 3. изд.
257 ## - Страна на издаване
Страна на създаване/издаване Съединени американски щати
260 ## - Област на издателските данни
Име на издателя, разпространителя и проч. Егмонт България
Година на издаване 2006
Печатница В. Търново : Абагар
Място на издаване, разпространение и проч. София
300 ## - Физическа характеристика
Страници 64 с.
Илюстрации и др. с цв. ил.
Размери/Мащаб 28 см
380 ## - Жанр
Жанр Детска худож. лит.
490 ## - СЕРИИ (Колекции)
Име на серия Приказна колекция
№: серия 6
9 (RLIN) 203480
Бележки за серията Серия - Книги
500 ## - Общи забележки
Забележка Ориг. загл. Lion King. - 1. изд. 1995 в сер. Егмонт Макси. - Офс. изд. - Доп. тир. 2009.
653 ## - Ключова дума – ненормативна
Ключова дума приказки
653 ## - Ключова дума – ненормативна
Ключова дума литература за деца
653 ## - Ключова дума – ненормативна
Ключова дума детска литература
700 1# - Други автори (авторска отговорност)
Лично име Аничкин, Харалампи Харалампиев
Автороска отговорност (Описва отношението между автора и произведението) прев.
9 (RLIN) 364774
852 ## - Местоположение
Форматна сигнатура Цб ІІ 14816
856 4# - Електронен адрес и достъп
Електронен формат pdf - файл
856 4# - Електронен адрес и достъп
Електронен формат pdf - файл
999 ## - СИСТЕМНИ КОНТРОЛНИ НОМЕРА
Koha biblionumber 74245
Koha biblioitemnumber 74245
942 ## - АРТИКУЛИ
Вид на библиотечния материал Книги
Скрит в OPAC Не
Koha issues (borrowed), all copies 75
Периодичен библиозапис Да
944 ## - СЪЗДАВАНЕ И РЕДАКЦИЯ на ЗАПИСА
Създаване/Редакция Създаване
Дата на регистрацията/редакция 25.10.2007
Статус, дата на статуса Грета Цуфелде
Служител, извършил регистрацията/редакцията 30537
944 ## - СЪЗДАВАНЕ И РЕДАКЦИЯ на ЗАПИСА
Създаване/Редакция Редакция
Дата на регистрацията/редакция 12.01.2011
Статус, дата на статуса ф /
999 ## - СИСТЕМНИ КОНТРОЛНИ НОМЕРА
Koha biblioitemnumber 74245
999 ## - СИСТЕМНИ КОНТРОЛНИ НОМЕРА
Koha biblioitemnumber 74245
999 ## - СИСТЕМНИ КОНТРОЛНИ НОМЕРА
Koha biblioitemnumber 74245
Наличности
Код за отписване Код за изгубен артикул Код за повреда Коз за рестрикции Код за отдаване Артикулен № Име на библиотеката - собственик Име на библиотеката, в която се намира в момента Статус (Текущо местоположение) Дата на вписване в системата Местоположение - отдел Цена в лева Инвентарен номер Систематично азбучна сигнатура Баркод Номер на екземпляра Цена в евро Служебна бележка Служебен тип на артикула Източник на класификационната схема
  Не е изгубен Не е повреден без рестрикции ползва се в читалня 120809 Регионална библиотека "Любен Каравелов" Русе Регионална библиотека "Любен Каравелов" Русе Хранилище 2007-10-24 Хранилище 9.90 120000718895 Цб ІІ 14816 120000718895 1 5.06 Дост: Dp Вид: Д N: 24 Дата: 23.05.2007 Книги  
  Не е изгубен Не е повреден без рестрикции заемане за дома 120810 Регионална библиотека "Любен Каравелов" Русе Регионална библиотека "Любен Каравелов" Русе Детски отдел 2010-12-03 Детски отдел 11.90 120000747893 ДХ 820/899/Ц 20 120000747893 2 6.08 Дост: DA Вид: А N: 22 Дата: 02.12.2010 Книги Universal Decimal Classification
  Не е изгубен Не е повреден без рестрикции заемане за дома 732912 Регионална библиотека "Любен Каравелов" Русе Регионална библиотека "Любен Каравелов" Русе Детски отдел 2019-08-23 Детски отдел 11.90   ДХ 820/899/Ц 10 120000835877   6.08   Книги Universal Decimal Classification
Vip Innovations Ltd, Rousse, Bulgaria 2025